Library buildings and furniture : Design and planning / (Record no. 63286)

MARC details
000 -LEADER
fixed length control field 00448nam a22001457a 4500
005 - DATE AND TIME OF LATEST TRANSACTION
control field 20180821122058.0
020 ## - INTERNATIONAL STANDARD BOOK NUMBER
International Standard Book Number 8170003814
Terms of availability 375.00
035 ## - SYSTEM CONTROL NUMBER
System control number B-220000, B-219999, B-220005
037 ## - SOURCE OF ACQUISITION
Stock number DPL
Source of stock number/acquisition ENG
100 ## - MAIN ENTRY--PERSONAL NAME
Personal name Sinha, S. C.
245 ## - TITLE STATEMENT
Title Library buildings and furniture : Design and planning /
Statement of responsibility, etc by S. C. Sinha
260 ## - PUBLICATION, DISTRIBUTION, ETC. (IMPRINT)
Place of publication, distribution, etc New Delhi
Name of publisher, distributor, etc Ess Ess Publications
Date of publication, distribution, etc 2004
300 ## - PHYSICAL DESCRIPTION
Extent 162p.
Dimensions 20 cms.
942 ## - ADDED ENTRY ELEMENTS (KOHA)
Source of classification or shelving scheme Dewey Decimal Classification
Item type English Books
Classification part 022.3
Call number suffix SIN
Holdings
Withdrawn status Lost status Not for loan Collection code Home library Current library Date acquired Cost, normal purchase price Full call number Barcode Cost, replacement price Koha item type Source of acquisition
      Non-fiction Patel Nagar Patel Nagar 04/08/2018 375.00 022.3 SIN B-219999 375.00 English Books BPPD/PUB
      Non-fiction Sarojini Nagar Sarojini Nagar 21/02/2012 375.00 022.3 SIN B-220000 375.00 English Books  
      Non-fiction Shahdara Branch Shahdara Branch 21/08/2018 375.00 022.3 SIN B-220005 375.00 English Books BPPD/PUB

© Delhi Public Library
Hit Counter
free hit counter